ႁႂ်ႈပဵၼ်ၵူၼ်းမေႃႁၢၼ်ႉၸႂ် / (Record no. 25216)

000 -LEADER
fixed length control field 00795nam a22002057a 4500
003 - CONTROL NUMBER IDENTIFIER
control field OSt
005 - DATE AND TIME OF LATEST TRANSACTION
control field 20260127160134.0
008 - FIXED-LENGTH DATA ELEMENTS--GENERAL INFORMATION
fixed length control field 230605b ||||| |||| 00| 0 eng d
040 ## - CATALOGING SOURCE
Transcribing agency SSBUL
082 ## - DEWEY DECIMAL CLASSIFICATION NUMBER
Edition number 23
Classification number 294.3443
100 0# - MAIN ENTRY--PERSONAL NAME
Personal name သုဝရ(မၢဝ်းၶမ်း)၊
Titles and words associated with a name ၸဝ်ႈသြႃႃႇ။
245 10 - TITLE STATEMENT
Title ႁႂ်ႈပဵၼ်ၵူၼ်းမေႃႁၢၼ်ႉၸႂ် /
Statement of responsibility, etc. ၸဝ်ႈသြႃႇသုဝရ(မၢဝ်းၶမ်း)။
260 ## - PUBLICATION, DISTRIBUTION, ETC.
Place of publication, distribution, etc. ဝဵင်းလိူဝ်ႇ၊
Name of publisher, distributor, etc. ဢွင်ႇသပေႇ၊
Date of publication, distribution, etc. 2018 ။
300 ## - PHYSICAL DESCRIPTION
Extent 108 ၼႃႈ၊
Dimensions 17 ၸိၼ်ႇတီႇ။
500 ## - GENERAL NOTE
General note S-SAT: Dr. Prof Sai Aung Tun
650 ## - SUBJECT ADDED ENTRY--TOPICAL TERM
Topical term or geographic name entry element တြႃးၽြႃးပဵၼ်ၸဝ်ႈ
942 ## - ADDED ENTRY ELEMENTS (KOHA)
Koha item type Books (Long term)
100 0# - MAIN ENTRY--PERSONAL NAME
9 (RLIN) 25180
Source of classification or shelving scheme
Source of classification or shelving scheme
Holdings
Withdrawn status Lost status Source of classification or shelving scheme Damaged status Not for loan Collection Code Permanent Location Current Location Shelving location Date acquired Total Checkouts Full call number Barcode Date last seen Price effective from Koha item type Accession Date last checked out
          Tai Collection Shan State Buddhist University Library Shan State Buddhist University Library Tai Shelves 05/06/2023   294.3443 သု ႑႐႗႔(1) SH00001074 05/06/2023 05/06/2023 Books (Long term) ႑႐႗႔(1)  
          Tai Collection Shan State Buddhist University Library Shan State Buddhist University Library Tai Shelves 05/06/2023   294.3443 သု ႑႑႒႕(2) SH00001125 05/06/2023 05/06/2023 Books (Long term) ႑႑႒႕(2)  
          Tai Collection Shan State Buddhist University Library Shan State Buddhist University Library Tai Shelves 05/06/2023 1 294.3443 သု ႑႑႒႖(3) SH00001126 03/01/2024 05/06/2023 Books (Long term) ႑႑႒႖(3) 28/12/2023
          Tai Collection Shan State Buddhist University Library Shan State Buddhist University Library Tai Shelves 05/06/2023   294.3443 သု ႒႗႔႘(4) SH00002748 05/06/2023 05/06/2023 Books (Long term) ႒႗႔႘(4)  
          Tai Collection Shan State Buddhist University Library Shan State Buddhist University Library Tai Shelves 05/06/2023   294.3443 သု ႒႔႙႖(1) S-SAT SH00002496 05/06/2023 05/06/2023 Books (Long term) ႒႔႙႖(1) S-SAT  
          Tai Collection Shan State Buddhist University Library Shan State Buddhist University Library Tai Shelves 05/06/2023   294.3443 သု ႒႔႙႗(2) S-SAT SH00002497 05/06/2023 05/06/2023 Books (Long term) ႒႔႙႗(2) S-SAT  
          Tai Collection Shan State Buddhist University Library Shan State Buddhist University Library Tai Shelves 05/06/2023   294.3443 သု ႒႔႙႘(2) S-SAT SH00002498 05/06/2023 05/06/2023 Books (Long term) ႒႔႙႘(2) S-SAT  

Library - 09407999929
Admin Office - 09407999979
Dean Office - 09250910768
Registrar Office - 09892297154
Email - [email protected]
Shan State Buddhist University, Phaya Phyu Taunggyi, Shan State, Myanmar.